000 00584nam a2200229Ia 4500
003 OSt
005 20220918221304.0
006 a|||||r|||| 00| 0
007 ta
008 220917b |||||||| |||| 00| 0 eng d
024 _a149,197
037 _cTextual
040 _aARTS
_cARTS
_beng
041 _2eng
_aeng
082 _aT:84:Y1:393, J5
100 _aSmith Dora V
_948701
245 0 _aCommunication, the miracle of shared living
260 _c1955
650 _aEDUCATION
942 _hT:84:Y1:393, J5
_cTEXL
_2CC
999 _c271866
_d271866